| 000 | 00892nam a2200253 a 4500 | ||
|---|---|---|---|
| 999 |
_c348832 _d348832 |
||
| 003 | BLK | ||
| 005 | 20240808112643.0 | ||
| 008 | 190913b bu ||||| |||| 00| 0 bu d | ||
| 020 | _a9786191514809 | ||
| 040 | _aBLK | ||
| 041 |
_aBUL _cBUL |
||
| 080 |
_b821.111 _x-93-311.9 _z821.111-93-311.9 |
||
| 100 |
_aЕдж, Кристофър _eпърви автор _91299 |
||
| 139 |
_aЕдж, Кристофър _bЕ 29 |
||
| 245 |
_aДругите светове на Алби Брайт _cКристофър Едж; прев. Александър Маринов |
||
| 260 |
_9209582 _aСофия _bСофтПрес _c2019 _fДобрич : Фолиарт |
||
| 300 |
_a192 с. _bс цв. ил. _c24 см |
||
| 380 | _aDX | ||
| 700 |
_9370653 _aМаринов, Александър _eпрев. |
||
| 852 | _bД | ||
| 852 |
_bЦб _aЦб 306796 |
||
| 856 |
_i0.00 _ldisable |
||
| 942 |
_cKNG _n0 _s1 _08 |
||
| 944 |
_k30537 _lГрета Цуфелде |
||